| 000 | 00499nam a2200181Ia 4500 | ||
|---|---|---|---|
| 008 | 230917s9999||||xx |||||||||||||| ||und|| | ||
| 020 | _cRS995 | ||
| 040 |
_e221981 _aMAIN |
||
| 041 | _aEnglish | ||
| 082 | _a660.60243637 E15E(2) | ||
| 100 | _aEvans, Gareth M | ||
| 245 | 0 | _aEnvironmental biotechnology: Theory and application | |
| 250 | _a2nd ed. | ||
| 260 |
_aNew Delhi _bWiley India _c2013 |
||
| 300 | _axii, 275 p. | ||
| 500 | _a1771 06/01/2015 IBC2670 08/01/2015 Main Budget | ||
| 942 | _cBK | ||
| 999 |
_c13225 _d13225 |
||